2011 ODI World Cup Final - Statistics

General Stats
  • This quiz has been taken 12 times
  • The average score is 19 of 22
Answer Stats
Hint Answer % Correct
Top-Order Batsman Gautam Gambhir
100%
Spinner Harbhajan Singh
100%
Middle-Order Batsman (c&wk) Kumar Sangakkara
100%
Middle-Order Batsman (c&wk) MS Dhoni
100%
Spinner Muttiah Muralitharan
100%
Opening Batsman Sachin Tendulkar
100%
Opening Batsman Virender Sehwag
100%
Lower-Order Batsman Yuvraj Singh
100%
Fast Bowler Zaheer Khan
100%
Fast Bowler Lasith Malinga
91%
Top-Order Batsman Mahela Jayawardene
91%
Fast Bowler Munaf Patel
91%
Lower-Order Batsman Suresh Raina
91%
Opening Batsman Tillakaratne Dilshan
91%
Opening Batsman Upul Tharanga
91%
Middle-Order Batsman Virat Kohli
91%
Fast Bowler S Sreesanth
82%
Fast Bowler Thisara Perera
73%
Lower-Order Batsman Chamara Kapugedera
64%
Fast Bowler Nuwan Kulasekara
64%
Spinner Suraj Randiv
55%
Middle-Order Batsman Thilan Samaraweera
45%
No matching quizzes found
Score Distribution
Percent of People with Each Score
Percentile by Number Answered
Your Score History
You have not taken this quiz